header

Frontiers in geochemistry (Record no. 223571)

MARC details
000 -LEADER
fixed length control field 01429nam a2200361Ia 4500
082 04 - DEWEY DECIMAL CLASSIFICATION NUMBER
Classification number 551.9
245 00 - TITLE STATEMENT
Title Frontiers in geochemistry
260 ## - PUBLICATION, DISTRIBUTION, ETC. (IMPRINT)
Place of publication Chichester, West Sussex, UK ;
-- Hoboken, NJ :
Name of publisher Wiley-Blackwell,
Year of publication 2011.
300 ## - PHYSICAL DESCRIPTION
Number of Pages xii, 263 p. :
Other physical details ill. (some col.), maps.
650 #0 - SUBJECT ADDED ENTRY--TOPICAL TERM
Topical Term Geochemistry
Topical Term Geology, Structural.
700 1# - ADDED ENTRY--PERSONAL NAME
Personal name Harmon, R. S.
Personal name Parker, A.
856 40 - ELECTRONIC LOCATION AND ACCESS
Uniform Resource Identifier http://site.ebrary.com/lib/rucke/Doc?id=10510712

No items available.

© 2026 Rongo University
Contact us: librarian | system librarian | Rongo university